000 01036nam a2200205 i 4500
001 40730
003 ES-MaACL
005 20250820063029.0
007 t|
008 030306s1880 sp ||||1| spa d
100 1 _aCarreras y Aragó, Luis,
_d1835-1907
_935685
245 1 0 _aExamen y mejora de la visión seguido de una serie de cuadros sinópticos de las diversas alteraciones en la refracción y en la acomodación del ojo, con las lentes destinadas a corregirlas, y de unas tablas y escala visuales cromáticas /
_cpor Luis Carreras Aragó ; ilustrado con grabados y cromos por... Ricardo de Vilallonga.
260 _aBarcelona :
_b[s.n.],
_c1880 (
_fEstab. Tip. de los Sucesores de N. Ramírez y Cª)
300 _a60, [38] p., [3] h. de lám. col. ;
_c30 cm.
650 0 4 _aOftalmología.
_915693
650 4 _aÓptica fisiológica.
_9152040
700 1 _aVilallonga Velasco, Ricardo de.
_9171732
852 _aES-MaACL
_jT-664-F-8
_z- Dedicatoria manuscrita del autor a Manuel Sáenz Díez
999 _c40730
_d40730